Intermediate accounting (Record no. 47230)

MARC details
000 -LEADER
fixed length control field 00502nam a2200145 a 4500
008 - FIXED-LENGTH DATA ELEMENTS--GENERAL INFORMATION
fixed length control field 120416s1982 ||||||||||||||||| || u
020 ## - INTERNATIONAL STANDARD BOOK NUMBER
International Standard Book Number 0030597935
050 ## - LIBRARY OF CONGRESS CALL NUMBER
Classification number HF 5661 Per
100 ## - MAIN ENTRY--PERSONAL NAME
Personal name Person, Samuel
245 10 - TITLE STATEMENT
Title Intermediate accounting
246 ## - VARYING FORM OF TITLE
Title proper/short title CPA exam supplement
260 ## - PUBLICATION, DISTRIBUTION, ETC.
Place of publication, distribution, etc. New York
Name of publisher, distributor, etc. The Dryden Press
Date of publication, distribution, etc. 1982
350 ## - PRICE (NR) (BK AM CF MU VM SE) [OBSOLETE]
Price 0.00
995 ## - RECOMMENDATION 995 [LOCAL, UNIMARC FRANCE]
-- 0.00
-- CBU-MAIN LIBRARY (Kitwe)
-- 1
-- 26.75
-- 1
-- AVAILABLE
-- Annex Low-Usage Collection
Holdings
Withdrawn status Lost status Source of classification or shelving scheme Damaged status Not for loan Home library Current library Shelving location Date acquired Total Checkouts Full call number Barcode Date last seen Price effective from Koha item type
          CBU-MAIN LIBRARY, KITWE. CBU-MAIN LIBRARY, KITWE.   11/30/2022   HF 5661 Per 021569 11/30/2022 11/30/2022 MONOGRAPH